| 000 | 00839nam a2200217Ii 4500 | ||
|---|---|---|---|
| 003 | JO-AjNU | ||
| 008 | 230605s9999||||xx |||||||||||||| ||und|| | ||
| 017 | _a2008/4/1325 | ||
| 040 |
_aJO-AjNU _bara _erda _cJO-AjNU |
||
| 041 | _aara | ||
| 050 | 1 | 4 | _aHD30.213.N3564.2009 |
| 100 | 3 |
_aنجم،عبود نجم, _eauthor _928838 |
|
| 245 | 0 | 0 | _aالادارة والمعرفة الالكترونية:الاستراتيجية -الوظائف-المجالات=E-Management&Knowledge:Strategy-Functions-Fields |
| 250 | _aط العربية | ||
| 264 | 3 | 1 | _aعمان:دار اليازوري العلمية للنشر والتوزيع،2009 |
| 300 | _a608ص | ||
| 336 |
_atext _btxt _2rdacontent |
||
| 337 |
_aunmediated _bn _2rdamedia |
||
| 338 |
_avolume _bnc _2rdacarrier |
||
| 650 | 4 |
_aادارة اعمال-معالجة بيانات _928839 |
|
| 999 |
_aA11236 _c14804 _d14804 |
||